Seer of Contemporary History: (Record no. 216846)

MARC details
000 -LEADER
fixed length control field 00600nam a22001937a 4500
005 - DATE AND TIME OF LATEST TRANSACTION
control field 20260702164232.0
010 ## - LCCN (DPL NO)
LC control number ENG-148971
020 ## - INTERNATIONAL STANDARD BOOK NUMBER
International Standard Book Number 9789354093067
Terms of availability 215.00
035 ## - SYSTEM CONTROL NUMBER
System control number EN-132503
037 ## - SOURCE OF ACQUISITION
Source of stock number/acquisition DBAD
082 ## - DEWEY DECIMAL CLASSIFICATION NUMBER
Classification number 909.82
Edition number 1
100 ## - MAIN ENTRY--PERSONAL NAME
Personal name Matkari, Ganesh
245 ## - TITLE STATEMENT
Title Seer of Contemporary History:
Remainder of title Girish Kasaravalli and His Cinema/
Statement of responsibility, etc Ganesh Matkari
250 ## - EDITION STATEMENT
Edition statement 1
260 ## - PUBLICATION, DISTRIBUTION, ETC. (IMPRINT)
Place of publication, distribution, etc New Delhi
Name of publisher, distributor, etc Publications Division
Date of publication, distribution, etc 2021
270 ## - ADDRESS
Address Soochana Bhawan, CGO complex, Lodhi Road
City New Delhi
Postal code 110003
300 ## - PHYSICAL DESCRIPTION
Extent 135p.
Dimensions 23cm(pb)
942 ## - ADDED ENTRY ELEMENTS (KOHA)
Source of classification or shelving scheme Dewey Decimal Classification
Item type English Books
Classification part 909.82
Call number suffix MAT
Holdings
Withdrawn status Lost status Not for loan Collection code Home library Current library Date acquired Source of acquisition Cost, normal purchase price Full call number Barcode Copy number Cost, replacement price Koha item type
    Not For Loan Non-fiction D.B.Act.Division D.B.Act.Division 02/07/2026 Delivery of Books Act Division 215.00 909.82 MAT EN-132503 1 215.00 English Books

© Delhi Public Library
Hit Counter
free hit counter